Bệnh ký sinh trùng ở gia cầm và biện pháp phòng trị

Wedi'i Gadw mewn:
Manylion Llyfryddiaeth
Prif Awdur: PHẠM SĨ LĂNG
Fformat: Llyfr
Iaith:Undetermined
Cyhoeddwyd: H. Nông Nghiệp
Pynciau:
Tagiau: Ychwanegu Tag
Dim Tagiau, Byddwch y cyntaf i dagio'r cofnod hwn!
Thư viện lưu trữ: Trung tâm Học liệu Trường Đại học Cần Thơ
LEADER 00541nam a2200181Ia 4500
001 CTU_45328
008 210402s9999 xx 000 0 und d
082 |a 636.5089696 
082 |b L116 
100 |a PHẠM SĨ LĂNG 
245 0 |a Bệnh ký sinh trùng ở gia cầm và biện pháp phòng trị 
245 0 |c PHẠM SĨ LĂNG 
260 |a H. 
260 |b Nông Nghiệp 
650 |a poultrry,poultry 
650 |x parasites,diseases 
904 |i Minh 
980 |a Trung tâm Học liệu Trường Đại học Cần Thơ